Statistics for Most Common Last Names in South Korea

Click here to take the quiz!

General Stats

  • This quiz has been taken 26 times
  • The average score is 9 of 21

Answer Stats

# PeopleLast Name% Correct
10,689,967Kim
96%
7,307,477Lee
92%
4,192,080Park
85%
1,453,971Cho
54%
749,257Jeon
54%
2,407,601Jung
50%
683,511Song
46%
558,994Hong
42%
992,721Chang
38%
1,269,251Kang
38%
1,015,200Im
35%
763,334Oh
35%
2,340,582Choi
35%
963,296Yu
31%
773,537Han
31%
752,233Seo
31%
706,212Kwon
23%
985,823Sin
23%
1,020,564Yun
19%
685,688An
19%
697,475Hwang
15%

Score Distribution

Percentile by Number Answered

Percent of People with Each Score

Your Score History

You have not taken this quiz